| 000 | 00604 a2200205 4500 | ||
|---|---|---|---|
| 001 | 62476 | ||
| 005 | 20260407155918.0 | ||
| 008 | 260407a1964 arg spa d | ||
| 003 | AR-UNSa-BCEJYS | ||
| 040 |
_aAR-UNSa-BCEJYS _bspa _cAR-UNSa-BCEJYS |
||
| 080 |
_a334.724 _xExplotaciones públicas. Empresas de propiedad pública |
||
| 245 | 1 | 0 | _aIndustria nacionalizada y propiedad pública |
| 264 | 1 |
_aMadrid : _bTecnos _c1964 |
|
| 300 |
_a499 p. _c24 cm. |
||
| 041 | _aspa | ||
| 942 | _cBK | ||
| 590 | _aniveau_biblio:m niveau_hierar:0 | ||
| 100 | 1 | _aRobson, William A. | |
| 700 | 1 | _aPetit Fontsere, Jorge | |
| 999 |
_c7670 _d7670 |
||